00754nam a2200253Ia 4500003000400000005001700004008004100021040001000062041000800072082001800080100001700098100001900115245007400134250001200208260004400220300001500264650002500279650001400304650002700318942000700345942000800352999001700360952012300377OSt20230612102621.0210324s9999||||xx |||||||||||||| ||und|| cSTCPL aENG a543.1 bAMB-E aPrasad, Amba aKashyap, G. P. 0aElementary chemical calculations /cby Amba Prasad and G. P. Kashyap  a3rd ed. aBombay :bAsia Publishing House,c1967. a203 p.bPB aAnalytical Chemistry aChemistry aChemical calculations  cBK 2ddc c22748d22748 00102ddc408CHE70aSTCPLbSTCPLcCHEd2021-07-10g7.50l0o543.1 AMB-Ep33349r2021-07-10 00:00:00w2021-07-10yBK